000 00325nam a22001457a 4500
003 OSt
005 20160727222347.0
008 160621b xxu||||| |||| 00| 0 eng d
040 _ctest
100 _9275
_aDonnelly, K,
245 _aDoberman Pinschers
260 _aN.Y
_c1979
300 _aDoberman Pinschers
942 _2ddc
_cBK
999 _c223
_d223